Hostigamiento sexual : guía para la investigación y resolución de casos en el ámbito laboral /

Este trabajo forma parte del Proyecto Género, Trabajo y Desarrollo, del programa universitario de estudios de género de la UNAM, cuyo objetivo es difundir resultados sobre la perspectiva de género en el mercado laboral y en el lugar de trabajo. La presente así, es una guía concreta para los empleado...

Description complète

Enregistré dans:
Détails bibliographiques
Auteur principal: Cooper, Jennifer A. (coord.)
Format: Livre
Langue:espagnol
Publié: México : UNAM, Programa Universitario de Estudios de Género, 2001, c2001
Sujets:
Tags: Ajouter un tag

MARC

LEADER 00000nam^a2200000^a^4500
001 000145687
005 20250521000000.0
009 20260310095843.383
020 |a 968-36-8905-1 
037 |a Acervo ITESO - Biblioteca 
041 |a ESP 
082 |a 344. 7201133  |b COO 
100 |a Cooper, Jennifer A.  |e (coord.) 
245 1 0 |a Hostigamiento sexual :  |b guía para la investigación y resolución de casos en el ámbito laboral /  |c Coord. de J. Cooper 
264 4 |a México :  |b UNAM, Programa Universitario de Estudios de Género,  |c 2001, c2001 
300 |a 103 p. 
336 |a texto  |b txt  |2 rdacontenido 
337 |a sin mediación  |b n  |2 rdamedio 
338 |a volumen  |b nc  |2 rdasoporte 
520 |a Este trabajo forma parte del Proyecto Género, Trabajo y Desarrollo, del programa universitario de estudios de género de la UNAM, cuyo objetivo es difundir resultados sobre la perspectiva de género en el mercado laboral y en el lugar de trabajo. La presente así, es una guía concreta para los empleadores, jefes de recursos humanos y funcionarios sindicales que ofrece lineamientos y pasos a seguir para establecer una política organizacional con procedimientos claros, confidenciales e imparciales respecto al hostigamiento sexual, así como los pasos para documentar las entrevistas con las partes involucradas en una denuncia al respecto, así como las leyes y reglamentos que la avalan. 
649 |a XX 
650 |a Mujeres Mexicanas -  |x Condiciones Laborales 
650 |a Relaciones Laborales -  |z México 
650 |a Conflicto (Relaciones Personales) -  |z México 
650 |a Cambios Sociales y Culturales -  |z México 
650 |a Comunicación Personal 
650 |a Género 
650 |a Sexualidad 
650 |a Delitos Sexuales 
650 |a Delitos contra la Persona 
650 |a Acoso Sexual -  |z México -  |x Leyes y Reglamentos 
650 |a Discriminación -  |z México 
650 |a Problemas Sociales -  |z México 
650 |a Atracción Interpersonal -  |z México 
650 |a Emoción 
650 |a Psicología Laboral 
650 |a Recursos Humanos -  |z México 
650 |a Empresas -  |z México -  |x Administración 
650 |a Economía -  |z México -  |x Historia 
650 |a Sociología Laboral 
650 |a Sociología de la Economía 
650 |a Sociología de la Cultura 
650 |a Acusadores Privados 
650 |a Evidencia 
650 |a Acciones y Defensas 
650 |a Derecho Procesal Penal 
650 |a Demandas y Denuncias 
650 |a Prueba (Derecho) 
650 |a Evidencia (Derecho) 
650 |a Derecho Procesal -  |x Leyes y Reglamentos 
650 |a Derechos Humanos 
650 |a Derecho Penal 
910 |a Fondo General 
920 |a Impresos - Libros 
930 |a Colección General 
905 |a 101 
901 |a 0500075038  |b IT1  |c ACC  |u 20250521 
902 |a https://opac.biblio.iteso.mx/vufind/Record/000145687